Propuesta hacia el rediseño del manual de procedimiento para mejorar la gestión y registro de los bienes muebles de la DGAC

Detalles Bibliográficos
Autor principal: Ugarte Flores, Viviana
Otros Autores: Toro Leontic, Eduardo (profesor guía)
Formato: Tesis
Lenguaje:español
Publicado: Santiago, Chile : Universidad Academia de Humanismo Cristiano 2011.
Materias:

MARC

LEADER 00000nmm a22000007a 4500
001 044282
003 UAHC_CL
005 20221202120103.0
008 110530s2011 cl 000 spa
040 |a UAHC_CL  |c UAHC_CL  |d UAHC_CL 
100 1 |a Ugarte Flores, Viviana 
245 1 0 |a Propuesta hacia el rediseño del manual de procedimiento para mejorar la gestión y registro de los bienes muebles de la DGAC   |c Viviana Ugarte, profesor guía Eduardo Toro. 
260 |b Universidad Academia de Humanismo Cristiano  |c 2011.  |a Santiago, Chile : 
300 |a 102 páginas. 
500 |a Tesis para optar al título de Ingeniero/a de Ejecución en Gestión Pública. 
502 |a Tesis (Ingeniería de Ejecución en Gestión Pública) -- Universidad Academia de Humanismo Cristiano, 2011. 
516 |a Tesis electrónica (PDF). Solicitar envío de documento a biblioteca@academia.cl 
650 0 |a Administración  |9 1216 
700 1 |a Toro Leontic, Eduardo  |e profesor guía 
900 |a TIEGPU 458 
942 |c TS  |2 ddc 
952 |0 0  |1 0  |2 ddc  |4 0  |6 TIEGPU_458_000000000000000  |7 0  |8 COMP  |9 81934  |a BC  |b BC  |c General  |d 2017-08-03  |o TIEGPU 458  |r 2019-01-03 00:00:00  |w 2017-08-03  |y TS  |z Documento en PDF  |B IEGP 
999 |c 44282  |d 44282